| 000 | 00528nam a22001817a 4500 | ||
|---|---|---|---|
| 003 | OSt | ||
| 005 | 20140310182358.0 | ||
| 008 | 131001t xxu||||| |||| 00| 0 eng d | ||
| 020 | _a9780901577788 | ||
| 050 |
_aTT 490 _b .H436 1984 |
||
| 082 |
_aTR 370.19 _bW15 2002 |
||
| 100 |
_aBernards, Nor _922444 |
||
| 245 |
_aBetter homes and gardens hearts to stitch and craft / _cNor Bernards |
||
| 260 |
_aDes Moines, Iowa : _bMeredith Corp., _c1984. |
||
| 300 |
_a79 p. : _bill. ; _c28 cm. |
||
| 942 |
_2lcc _cBK-TR |
||
| 999 |
_c12507 _d12507 |
||